Movies Quiz

Random Movies or Oscar Quiz

11+ Oscar Nominations Quiz Stats

 Plays Quiz Updated Jan 23, 2018

Challenge
Share
Tweet
Embed
Score 0/53 Timer 15:00
1 Play Today
Noms. Movie (Wins) % Correct
14Titanic (11)
92.1%
13Gone with the Wind (8)
77.5%
11The Lord of the Rings: The Return of the King (11)
68%
14La La Land (6)
67.5%
11The Godfather (3)
66.7%
12Ben-Hur (11)
57.9%
11The Godfather: Part II (6)
56%
13Forrest Gump (6)
54.8%
12Schindler's List (7)
49.2%
13The Shape of Water (TBD)
47.9%
12Gladiator (5)
46.3%
12The King's Speech (4)
45.5%
11Saving Private Ryan (5)
43.3%
13Chicago (6)
42.6%
13Lord of the Rings: The Fellowship of the Ring (4)
42.1%
13Shakespeare in Love (7)
38.2%
14All About Eve (6)
37.5%
12Dances with Wolves (7)
37.4%
11West Side Story (10)
35.9%
12The English Patient (9)
35.3%
12On the Waterfront (8)
35.2%
11Gandhi (8)
32.9%
12The Revenant (3)
32%
11Out of Africa (7)
31.7%
11Amadeus (8)
31.2%
12My Fair Lady (8)
29.8%
11Terms of Endearment (5)
28.8%
Noms. Movie (Wins) % Correct
12Lincoln (2)
26.8%
13From Here to Eternity (8)
26.7%
13Mary Poppins (5)
25.1%
11The Color Purple (0)
23.2%
11Oliver! (5)
22.8%
12A Streetcar Named Desire (4)
21.9%
11Life of Pi (4)
21.3%
11Hugo (5)
20.3%
11Rebecca (2)
19.3%
12Mrs. Miniver (6)
18.9%
11Chinatown (1)
18.6%
11The Aviator (5)
18.4%
11Sunset Boulevard (3)
18.4%
12Reds (3)
18.3%
13The Curious Case of Benjamin Button (3)
15.7%
11Mr. Smith Goes to Washington (1)
15.6%
13Who's Afraid of Virginia Woolf? (5)
15.2%
11Turning Point (0)
12.9%
11Julia (3)
10.5%
11A Passage to India (2)
9.1%
11Judgment at Nuremberg (2)
9%
12Becket (1)
8.3%
12Johnny Belinda (1)
7.1%
12The Song of Bernadette (4)
6.7%
11Sergeant York (2)
6.1%
11Pride of the Yankees (1)
5.9%

You're not logged in!

Compare scores with friends on all Sporcle quizzes.
Join for Free
OR
Log In

You Might Also Like...

Show Comments

Extras

Top Quizzes Today


Score Distribution

Your Account Isn't Verified!

In order to create a playlist on Sporcle, you need to verify the email address you used during registration. Go to your Sporcle Settings to finish the process.

Report this User

Report this user for behavior that violates our Community Guidelines.

Details: